[Event "World ol U16"]
[Site "Eindhoven"]
[Date "2023.08.14"]
[Round "2.27"]
[White "Grima Bongailas, Isaac"]
[Black "Radulovic, Vasilije"]
[Result "0-1"]
[WhiteElo "1322"]
[BlackElo "1734"]
[PlyCount "80"]
[EventDate "2023.08.13"]
[EventType "team-swiss"]
[EventRounds "9"]
[EventCountry "NED"]
[SourceTitle "CBM 215 Extra"]
[Source "ChessBase"]
[SourceDate "2023.09.30"]
[SourceVersion "1"]
[SourceVersionDate "2023.09.30"]
[SourceQuality "1"]
[WhiteTeam "Malta"]
[BlackTeam "Montenegro"]
[WhiteTeamCountry "MLT"]
[BlackTeamCountry "MNE"]

1. d4 d5 2. c4 e6 3. g3 Nf6 4. Bg2 c6 5. Nc3 Be7 6. cxd5 exd5 7. Nf3 Bf5 8. 0-0 0-0 9. Re1 Ne4 10. Nd2 Nxc3 11. bxc3 Nd7 12. e4 dxe4 13. Nxe4 Nf6 14. Nxf6+ Bxf6 15. Bf4 Qa5 16. Qd2 Rad8 17. Be5 Bxe5 18. Rxe5 Qxe5 19. Qb2 Qc7 20. Re1 Rfe8 21. Re3 Rxe3 22. fxe3 Qe7 23. Qe2 Re8 24. Kf2 Be4 25. Bxe4 Qxe4 26. c4 Qf5+ 27. Kg2 Qf6 28. Qd2 Qe6 29. Kf2 Qxc4 30. Kg2 g6 31. Kf2 Rd8 32. Ke1 c5 33. Qa5 Qb4+ 34. Qxb4 cxb4 35. Kd2 a5 36. Kd3 b5 37. e4 a4 38. d5 f6 39. Kc2 Rc8+ 40. Kd3 b3 0-1

[Event "World ol U16"]
[Site "Eindhoven"]
[Date "2023.08.14"]
[Round "3.28"]
[White "Jitwichian, Pataradit"]
[Black "Grima Bongailas, Isaac"]
[Result "1/2-1/2"]
[WhiteElo "1337"]
[BlackElo "1322"]
[PlyCount "90"]
[EventDate "2023.08.13"]
[EventType "team-swiss"]
[EventRounds "9"]
[EventCountry "NED"]
[SourceTitle "CBM 215 Extra"]
[Source "ChessBase"]
[SourceDate "2023.09.30"]
[SourceVersion "1"]
[SourceVersionDate "2023.09.30"]
[SourceQuality "1"]
[WhiteTeam "Thailand II"]
[BlackTeam "Malta"]
[WhiteTeamCountry "THA"]
[BlackTeamCountry "MLT"]

1. d4 Nf6 2. c4 c5 3. Nf3 cxd4 4. Nxd4 e5 5. Nb5 d6 6. Bg5 a6 7. Bxf6 gxf6 8. N5c3 Bf5 9. e4 Be6 10. Nd5 Nd7 11. g3 Nb6 12. Nbc3 Bg7 13. Qb3 Bxd5 14. Nxd5 Nxd5 15. cxd5 Qd7 16. Bg2 Rc8 17. 0-0 0-0 18. Rac1 Rxc1 19. Rxc1 Rc8 20. Rxc8+ Qxc8 21. Qc3 Qd7 22. Bf1 Kf8 23. h4 Ke7 24. Kh2 Kd8 25. Bh3 Qc7 26. Kg2 Qxc3 27. bxc3 Kc7 28. Kf3 Kd8 29. Ke3 Kc7 30. Kd3 b5 31. Bg4 Kb6 32. Bh5 Bh6 33. Bxf7 Bc1 34. Kc2 Ba3 35. f3 Bc5 36. g4 h6 37. Be8 b4 38. cxb4 Bxb4 39. Kd1 Bc5 40. Ke2 a5 41. a4 Bd4 42. Kf1 Kc5 43. Kg2 Be3 44. Kg3 Bf4+ 45. Kf2 Kd4 1/2-1/2